MDQL
is popping MORE tags! Check the
thread
!
Quizzes
Events
Quiz Creation
Community
Videos
Private Events
Remove Ads
Sign In
Join for FREE
Feedback
Dark Mode
Quiz Categories
Sports
Geography
Music
Movies
Television
Just For Fun
Miscellaneous
History
Literature
Language
Science
Gaming
Entertainment
Religion
Holiday
For Kids
Quiz Lab
Recent
Popular Today
Quiz Kudos Today
Editor Picks
Curator Picks
Quizzes by...
Day
Popularity
Type
Ratings
Length
Year
Community
Subscriptions
Recent Discussions
Orange Saloon
Badges
Playlists
Quests
Create
Leaderboards
Showdown
Live 5
Trivia Bingo
Activity
Puzzle Library
Sporcle Events
Private Events
Virtual Trivia
Globe League
Become a Host
Pub Owners
SporcleCon
Opinionation
Our Games
Videos
Blog
Mobile Apps
Partnerships
Remove Ads and Go Orange
Feedback
Gaming
Video Games
Board Games
Card Games
Pokémon
Mario
Nintendo
Minecraft
Console
Toys
Legend of Zelda
Gaming
Video Games
Board Games
Card Games
Pokémon
Mario
Nintendo
Minecraft
Console
Toys
Legend of Zelda
Random Quiz
Search Sporcle
×
Quiz Lab
Quiz Lab
Gaming
Pokémon
Type in answers that appear in a list
Type in answers that appear in a list
Classic
Best Score? Go Orange.
Pokemon in the Dragon Egg Group Stats
Can you name the Pokemon in the Dragon Egg Group?
By
SporcleEXP
5m
36 Questions
121 Plays
121 Plays
121 Plays
Comments
Comments
Give Quiz Kudos
Give Quiz Kudos
-
- Ratings
hide this ad
Replay
Link that replays current quiz
Next Quiz
Link to next quiz in quiz playlist
You Got
0%
They Got
Avg Score
87%
Avg Friend Score
Upgrade to see
Score Distribution
Jump to the score distribution portion of the page
Score
0/36
Timer
05:00
0
Plays Today
Nat. Dex # (Type 1/Type 2)
Pokemon
% Correct
006 (Fire/
Flying)
Charizard
99.2%
004 (Fire)
Charmander
98.3%
005 (Fire)
Charmeleon
97.5%
147 (Dragon)
Dratini
95%
149 (Dragon/
Flying)
Dragonite
94.2%
023 (Poison)
Ekans
93.4%
024 (Poison)
Arbok
93.4%
148 (Dragon)
Dragonair
93.4%
130 (Water/
Flying)
Gyarados
92.6%
129 (Water)
Magikarp
90.9%
373 (Dragon/
Flying)
Salamence
90.1%
116 (Water)
Horsea
90.1%
117 (Water)
Seadra
90.1%
371 (Dragon)
Bagon
89.3%
372 (Dragon)
Shelgon
89.3%
230 (Water/
Dragon)
Kingdra
89.3%
443 (Dragon/
Ground)
Gible
89.3%
444 (Dragon/
Ground)
Gabite
89.3%
Nat. Dex # (Type 1/Type 2)
Pokemon
% Correct
445 (Dragon/
Ground)
Garchomp
89.3%
333 (Normal/
Flying)
Swablu
87.6%
334 (Dragon/
Flying)
Altaria
87.6%
252 (Grass)
Treecko
86.8%
254 (Grass)
Sceptile
86%
633 (Dark/
Dragon)
Deino
85.1%
253 (Grass)
Grovyle
85.1%
635 (Dark/
Dragon)
Hydreigon
84.3%
634 (Dark/
Dragon)
Zweilous
82.6%
621 (Dragon)
Druddigon
82.6%
610 (Dragon)
Axew
81.8%
611 (Dragon)
Fraxure
81.8%
559 (Dark/
Fighting)
Scraggy
81%
560 (Dark/
Fighting)
Scrafty
81%
612 (Dragon)
Haxorus
81%
336 (Poison)
Seviper
80.2%
349 (Water)
Feebas
76.9%
350 (Water)
Milotic
76.9%
Quiz Playlist
Details
Report
Send in Message
Add To Playlist
Classic:
Type in answers that appear in a list
Quiz Source
Last Updated: Feb 16, 2017
Quiz Scoreboard
CHALLENGE
Sign Up to Join the Scoreboard
Show All
Scores
Hide
Comments
May contain spoilers
Recently Published
Image Sorting: Flags VI
by Barbecue
Geography
2m
Find the 'City' Movie
by crazypaving
Movies
60s
Colored Red Africa Blitz
by spor1
Geography
45s
More to Explore
Quiz From the Vault
Featured Blog Post
14 Easter Pick-up Lines to Find Eggs With
hide this ad
You Might Also Like...
Tags
Pokémon Quiz
Dragon
Egg Group
Today's Top Quizzes in Gaming
Browse Gaming
hide this ad
Today's Top Quizzes in Pokémon
Browse Pokémon
Top Contributed Quizzes in Gaming
1
League of Legends Pro Players by Career/Team History
2
Destiny 2 exotic weapons by perk icons
3
Genshin murder mystery
4
Dead By Daylight Logic Puzzle
5
Genshin Impact Logic Puzzle
6
Overwatch Logic Puzzle
7
4x4 Decades: Video Games
8
Who's on the WWE 2K24 Cover?
9
Overwatch 2: Ultimate Ability Icons
10
Valorant Agent Developer Names (Up to Clove)
Explore More
Trending Topics
Kpop
NBA
Marvel
Crossword
Anime
Disney
Harry Potter
WWE
Country
Song
Soccer
The Office
Puzzle
NFL
Pokémon
hide this ad
More By:
SporcleEXP
Quiz
Plays
Rating
Category
Featured
Created
Harry Potter Deaths in Order Minefield
3,068,807
4.18
Literature
Jan 27, 2016
Sins, Dwarfs, and Spice Girls
847,328
4.42
Just For Fun
Apr 11, 2012
Ancient History Bunker
708,303
4.28
History
Jan 20, 2014
Movie Posters VI
679,091
4.37
Movies
Nov 12, 2010
Movie Posters VII
621,911
4.44
Movies
Apr 16, 2011
Go to Creator's Profile
Score Distribution
Quiz Creator Spotlight
SporcleEXP
Follow
Send a Message
Quizzes Created
-
Created Quiz Play Count
-
More By This Creator
Popular Quizzes Today
1
Colored Red Africa Blitz
2
Find the US States - No Outlines Minefield
3
Find the 'City' Movie
4
5x2 Blitz: Bands
5
The Countries of the World
6
Find the US States
7
Find the Countries of Europe - No Outlines Minefield
8
US States
More Gaming Quizzes
Dragon Ball Z: Super Butoden Characters
Quiz Lab
Trending Quizzes
Colored Red Europe Blitz I
Colored Red Europe Blitz II
Colored Red Africa Blitz II
Colored Red Europe Blitz III
Colored Red Africa Blitz III
Recently Updated
How Do You Spell That?
pecheneg
Godzilla Movies
pecheneg
Grab Bag: 4-10 Letters
pecheneg
2024 March Madness Bracket
pecheneg
Famous TV Couples
Peacemaker
Champions League XIs: Real Madrid
pecheneg
Largest US Cities 1790-2010
pecheneg
Rides in Walt Disney World
pecheneg
Most Oscar Losses (Acting)
pecheneg
Beyoncé Albums
pecheneg
Trending Topics
NBA
Harry Potter
Marvel
Crossword
Anime
Disney
Kpop
Pokémon
Soccer
NFL
Song
The Office
WWE
Puzzle
Country
Your Account Isn't Verified!
In order to create a playlist on Sporcle, you need to verify the email address you used during registration. Go to your
Sporcle Settings
to finish the process.
Report this User
Report this user for behavior that violates our
Community Guidelines
.
Details:
Send Report
Go to the Sporcle.com Mobile Site →
Comments